Co má vědět úsekový důvěrník o pracovním poměru

Saved in:
Bibliographic Details
Format: Book
Language:Czech
Published: Praha Práce 1989
Edition:1. vyd.
Series:Rádce úsekového důvěrníka Sv.14
Tags: Add Tag
No Tags, Be the first to tag this record!

MARC

LEADER 00000nam a2200000 4500
001 c028144
005 20221215115813.6
041 0 |a cze 
044 |a CZ 
245 1 0 |a Co má vědět úsekový důvěrník o pracovním poměru 
250 |a 1. vyd. 
264 1 |a Praha  |b Práce  |c 1989 
300 |a 58 s. 
490 1 |a Rádce úsekového důvěrníka  |v Sv.14 
830 0 |a Rádce úsekového důvěrníka  |v Sv.14